[Event "XXII Moglianoscacchi"]
[Site "Mogliano Veneto ITA"]
[Date "2001.04.??"]
[Round "?"]
[White "Dorigo, Tommaso"]
[Black "Gallo, Enrico"]
[Result "1-0"]
[WhiteElo "1800"]
[BlackElo "2163"]
[PlyCount "73"]
[EventDate "2001.04.28"]

1. e4 e6 2. d4 c5 3. c3 d5 4. exd5 Qxd5 5. Nf3 Nf6 6. Be2 Be7 7. O-O O-O 8. c4
Qd8 9. Nc3 Nc6 10. Be3 Ng4 11. d5 Nxe3 12. fxe3 Nb4 13. a3 Na6 14. Qb3 Bf6 15.
Rae1 Nc7 16. e4 exd5 17. cxd5 b5 18. e5 c4 19. Qb4 Bh4 20. Nxh4 Qxh4 21. Qc5
Na6 22. Qxb5 Qd4+ 23. Kh1 Rb8 24. Qxc4 Qxe5 25. Qh4 Qc7 26. Bd3 h6 27. Re7 Qd6
28. Ne4 Qxd5 29. Bc4 Qc6 30. Rexf7 Be6 31. Rxf8+ Rxf8 32. Rxf8+ Kxf8 33. Qd8+
Kf7 34. Nd6+ Kg6 35. Bd3+ Kh5 36. Qa5+ Nc5 37. Ne4 1-0

[Event "I Festival A"]
[Site "Acireale ITA"]
[Date "2001.05.01"]
[Round "6"]
[White "Alaimo, Riccardo"]
[Black "Licciardello, Salvatore"]
[Result "1/2-1/2"]
[WhiteElo "2176"]
[BlackElo "1975"]
[PlyCount "24"]
[EventDate "2001.04.28"]

1. e4 d5 2. exd5 Qxd5 3. Nc3 Qa5 4. d4 Nf6 5. Nf3 Bf5 6. Bc4 e6 7. Bd2 c6 8.
Nd5 Qd8 9. Nxf6+ Qxf6 10. Ne5 Nd7 11. f4 Nxe5 12. dxe5 Qg6 1/2-1/2

[Event "C.to Regionale Sardegna"]
[Site "Cagliari ITA"]
[Date "2001.04.28"]
[Round "1"]
[White "Abis, Roberto"]
[Black "Buchicchio, Giampaolo"]
[Result "0-1"]
[WhiteElo "1581"]
[BlackElo "2191"]
[PlyCount "92"]
[EventDate "2001.04.28"]

1. e4 c5 2. Nf3 Nc6 3. d4 cxd4 4. Nxd4 Nf6 5. Nc3 e5 6. Nb3 Bb4 7. Bd3 d5 8.
Nd2 Bg4 9. f3 Be6 10. exd5 Nxd5 11. Nxd5 Bxd5 12. O-O Qe7 13. a3 Bc5+ 14. Kh1
Rd8 15. Ne4 Bb6 16. Qe1 Bc7 17. Qg3 O-O 18. Bh6 f6 19. Be3 b6 20. Qh4 g6 21. f4
Nd4 22. Bxd4 exd4 23. Rae1 Qg7 24. c3 dxc3 25. Nxc3 Bxg2+ 26. Kxg2 Rxd3 27. Re2
g5 28. fxg5 Qxg5+ 29. Qxg5+ fxg5 30. Nb5 Bb8 31. Ref2 Rxf2+ 32. Rxf2 a6 33. Nc3
Rd6 34. Ne4 Rc6 35. Nf6+ Kg7 36. Ne4 Bf4 37. h4 h6 38. h5 Rc4 39. Kf3 Kf7 40.
Re2 Rc1 41. Nf2 Rg1 42. Nd3 Bd6 43. Rc2 g4+ 44. Ke4 Rh1 45. Rg2 g3 46. Nf4 Rh4
0-1

[Event "C.to Regionale Sardegna"]
[Site "Cagliari ITA"]
[Date "2001.04.28"]
[Round "1"]
[White "Artizzu, Giulio"]
[Black "Pili, Erika"]
[Result "0-1"]
[WhiteElo "2098"]
[BlackElo "1606"]
[PlyCount "104"]
[EventDate "2001.04.28"]

1. e4 e5 2. Nf3 Nc6 3. Bb5 d6 4. h3 Bd7 5. c3 Nf6 6. Qe2 a6 7. Ba4 Ne7 8. Bb3
h6 9. d4 Ng6 10. O-O Be7 11. Rd1 Qc8 12. Kh2 Nh5 13. Nxe5 dxe5 14. Qxh5 Bd6 15.
dxe5 Bxe5+ 16. f4 Bd6 17. e5 Be7 18. Bxf7+ Kxf7 19. g4 Rd8 20. f5 Bc6 21. Qxg6+
Kg8 22. f6 Bf8 23. Bxh6 Be8 24. Rxd8 Qxd8 25. Qg5 Qd1 26. Nd2 Qe2+ 27. Kg3 Rd8
28. f7+ Bxf7 29. Qxd8 gxh6 30. Qd4 c5 31. Qf4 Bd5 32. Nf3 Qxb2 33. Rf1 Qxc3 34.
Kh4 Bf7 35. g5 Be7 36. Kg4 Qd3 37. Ne1 Be6+ 38. Kh5 Qxh3+ 39. Kg6 hxg5 40. Qf6
Bxf6 41. Rxf6 Bxa2 42. Nf3 Bb1+ 43. Kxg5 Qg3+ 44. Kh5 Bd3 45. Ng5 Qxe5 46. Re6
Be2+ 47. Kg6 Bd3+ 48. Kh5 Qd5 49. Re1 c4 50. Kh6 Kf8 51. Ne6+ Kf7 52. Ng5+ Kf6
0-1

[Event "C.to Regionale Sardegna"]
[Site "Cagliari ITA"]
[Date "2001.04.28"]
[Round "1"]
[White "Enis, Aldo"]
[Black "Cirina, Gianluca"]
[Result "0-1"]
[WhiteElo "1504"]
[BlackElo "1690"]
[PlyCount "96"]
[EventDate "2001.04.28"]

1. d4 Nf6 2. Nf3 g6 3. c4 c5 4. d5 b5 5. e3 b4 6. Bd3 Bg7 7. Nbd2 O-O 8. Qc2 e6
9. e4 d6 10. Rb1 Nbd7 11. O-O Ng4 12. Re1 e5 13. Nf1 a5 14. h3 Ngf6 15. Ng3 Nb6
16. Bg5 h6 17. Be3 Bd7 18. Qc1 Kh7 19. Nh2 Ng8 20. f4 Qh4 21. Ne2 f5 22. Nf3
Qe7 23. fxe5 dxe5 24. exf5 gxf5 25. Bf2 e4 26. Ng3 Qd6 27. Bxe4 fxe4 28. Nxe4
Qc7 29. Bxc5 Rfe8 30. Bxb6 Qxb6+ 31. c5 Qg6 32. Nd6 Re7 33. g4 Rf8 34. Kg2 Bxg4
35. Ng5+ hxg5 36. hxg4 Rxe1 37. Qxe1 Qc2+ 38. Kh1 Rf2 39. Qe4+ Qxe4+ 40. Nxe4
Re2 41. Nxg5+ Kg6 42. d6 Kxg5 43. c6 Be5 44. Rd1 Nf6 45. c7 Rc2 46. d7 Bxc7 47.
d8=Q Bxd8 48. Rxd8 Rxb2 0-1

[Event "C.to Regionale Sardegna"]
[Site "Cagliari ITA"]
[Date "2001.04.28"]
[Round "1"]
[White "Ibba, Isacco"]
[Black "Caddeo, Narciso"]
[Result "0-1"]
[WhiteElo "1864"]
[BlackElo "1546"]
[PlyCount "116"]
[EventDate "2001.04.28"]

1. f4 c5 2. Nf3 Nc6 3. b3 Nf6 4. Bb2 e6 5. e3 a6 6. a4 Be7 7. Be2 b6 8. O-O Bb7
9. d3 d5 10. Nbd2 O-O 11. Qe1 d4 12. e4 Nb4 13. Rc1 Rc8 14. Ne5 Nd7 15. Ndc4
Nxe5 16. Nxe5 f6 17. Ng4 Nc6 18. Qg3 f5 19. Nf2 Rf6 20. Nh3 Rg6 21. Qf2 Bh4 22.
g3 Qf8 23. Rce1 Bd8 24. Bf3 Bc7 25. Ng5 Bd8 26. exf5 Rh6 27. fxe6 Be7 28. Qe2
Nd8 29. Nf7 Rxe6 30. Qxe6 Nxe6 31. Bxb7 Qxf7 32. Bxc8 Nf8 33. Bxa6 Kh8 34. Bc4
Qf6 35. Re4 h5 36. Rfe1 Ng6 37. Re6 Qf5 38. R1e5 Nxe5 39. Rxe5 Qg4 40. Rxe7
Qd1+ 41. Kf2 Qh1 42. Re8+ Kh7 43. Bg8+ Kh6 44. Re1 Qxh2+ 45. Kf3 Qxc2 46. Bc1
Qxd3+ 47. Kf2 Qc2+ 48. Kg1 d3 49. Re6+ g6 50. Be3 Qd1+ 51. Kg2 Kg7 52. Re8 Qe2+
53. Kh3 Qf1+ 54. Kh4 Qf3 55. Re7+ Kxg8 56. Kg5 Kf8 57. Kf6 Qd5 58. Re6 Qf5# 0-1

[Event "C.to Regionale Sardegna"]
[Site "Cagliari ITA"]
[Date "2001.04.28"]
[Round "1"]
[White "Sanfilippo, Carlo"]
[Black "Clementini, Lorenzo"]
[Result "0-1"]
[WhiteElo "1533"]
[BlackElo "1820"]
[PlyCount "62"]
[EventDate "2001.04.28"]

1. e4 Nf6 2. Nc3 d5 3. e5 Ne4 4. Nxe4 dxe4 5. d4 Bf5 6. Bg5 Qd7 7. c3 e6 8. Qb3
c6 9. Ne2 Be7 10. Bxe7 Qxe7 11. Ng3 Bg6 12. Be2 O-O 13. h4 h6 14. O-O-O b5 15.
Nf1 a5 16. Ne3 Nd7 17. Rh3 b4 18. Rdh1 Rfb8 19. c4 c5 20. Qd1 Rd8 21. h5 Bh7
22. Rg3 Nxe5 23. d5 f5 24. Ng4 fxg4 25. Bxg4 Nd3+ 26. Rxd3 exd3 27. Bxe6+ Kh8
28. f4 Qf6 29. Qd2 Qd4 30. f5 Qxc4+ 31. Kb1 Qc2+ 0-1

[Event "C.to Regionale Sardegna"]
[Site "Cagliari ITA"]
[Date "2001.04.28"]
[Round "1"]
[White "Scarteddu, Marco"]
[Black "Basciu, Simone"]
[Result "0-1"]
[WhiteElo "1615"]
[BlackElo "2157"]
[PlyCount "85"]
[EventDate "2001.04.28"]

1. d4 d5 2. c4 e6 3. Nf3 Nf6 4. Nc3 c5 5. Bg5 dxc4 6. dxc5 Qxd1+ 7. Rxd1 Bxc5
8. e3 a6 9. Bxc4 Nbd7 10. a3 b5 11. Be2 Bb7 12. b4 Be7 13. O-O Rc8 14. Rc1 O-O
15. Nd2 Rfd8 16. Bf3 Bxf3 17. Nxf3 Nb6 18. Ne2 Rxc1 19. Rxc1 Nc4 20. Ned4 Kf8
21. Nc6 Rd3 22. Nfe5 Rxa3 23. Nxc4 bxc4 24. Kf1 c3 25. e4 h6 26. Bxf6 Bxf6 27.
e5 Bg5 28. Rc2 Bd2 29. Ke2 Rb3 30. Nb8 a5 31. Nd7+ Ke7 32. bxa5 Kxd7 33. Ra2
Kc7 34. a6 Kb8 35. a7+ Ka8 36. Kd1 Rb7 37. Ra6 Rxa7 38. Rd6 Rc7 39. Kc2 Bf4 40.
Ra6+ Kb7 41. Ra5 Kb6 42. Ra3 Bxe5 43. g3 0-1

[Event "C.to Regionale Sardegna"]
[Site "Cagliari ITA"]
[Date "2001.04.29"]
[Round "2"]
[White "Artizzu, Giulio"]
[Black "Abis, Roberto"]
[Result "1-0"]
[WhiteElo "2098"]
[BlackElo "1581"]
[PlyCount "37"]
[EventDate "2001.04.28"]

1. e4 e5 2. f4 exf4 3. Nf3 g5 4. Bc4 g4 5. O-O d5 6. Bxd5 c6 7. d4 Be6 8. Bxc6+
bxc6 9. Ne5 g3 10. Bxf4 gxh2+ 11. Bxh2 Ne7 12. c4 Rg8 13. d5 cxd5 14. cxd5 Nxd5
15. Qa4+ Bd7 16. Nxd7 Rxg2+ 17. Kxg2 Qg5+ 18. Kh1 Kd8 19. Ne5 1-0

[Event "C.to Regionale Sardegna"]
[Site "Cagliari ITA"]
[Date "2001.04.29"]
[Round "2"]
[White "Buchicchio, Giampaolo"]
[Black "Monni, Vittorio"]
[Result "1-0"]
[WhiteElo "2191"]
[BlackElo "1729"]
[PlyCount "83"]
[EventDate "2001.04.28"]

1. e4 c5 2. c3 g6 3. d4 cxd4 4. cxd4 Bg7 5. Nc3 a6 6. Nf3 b5 7. a4 b4 8. Nd5
Nf6 9. Nxf6+ exf6 10. d5 a5 11. Bc4 Qc7 12. Qe2 O-O 13. O-O Na6 14. Be3 Re8 15.
Rac1 Qd8 16. Bd3 Bb7 17. b3 f5 18. exf5 Bc3 19. fxg6 hxg6 20. Ng5 f5 21. Qf3
Qf6 22. Qh3 Bxd5 23. Qh7+ Kf8 24. Qxd7 Bg8 25. Bxa6 Rxe3 26. fxe3 Qxg5 27. e4
Rd8 28. Qc6 Rd2 29. exf5 gxf5 30. Bc4 f4 31. Rcd1 Bxc4 32. Rxd2 Bxf1 33. Qc8+
Kg7 34. Rd7+ Kh6 35. Qc6+ Bf6 36. Kxf1 Qe5 37. Qd6 Qa1+ 38. Qd1 Qe5 39. Rd5 Qe3
40. Qf3 Qc1+ 41. Rd1 Qc7 42. Kg1 1-0

[Event "C.to Regionale Sardegna"]
[Site "Cagliari ITA"]
[Date "2001.04.29"]
[Round "2"]
[White "Cirina, Gianluca"]
[Black "Caddeo, Narciso"]
[Result "1-0"]
[WhiteElo "1690"]
[BlackElo "1546"]
[PlyCount "71"]
[EventDate "2001.04.28"]

1. e4 c5 2. Nf3 d6 3. d4 cxd4 4. Nxd4 Nf6 5. Nc3 a6 6. Be2 Nc6 7. Be3 e6 8. Nb3
Be7 9. a4 b6 10. O-O O-O 11. f4 Bb7 12. Bf3 Qc7 13. Qe2 Rad8 14. Qf2 Nd7 15.
Rfd1 f5 16. exf5 exf5 17. Nd5 Qb8 18. Nxb6 Nxb6 19. Bxb6 Rd7 20. Bd5+ Kh8 21.
Be6 Bc8 22. Bxd7 Bxd7 23. a5 Bf6 24. Nd4 Nb4 25. c4 Rc8 26. b3 Nc6 27. Nxc6
Bxc6 28. Ra2 Be4 29. Rad2 Rc6 30. Qe3 h6 31. Bd4 Be7 32. Qg3 Qf8 33. Qg6 Bd8
34. Qxh6+ Kg8 35. Qe6+ Kh8 36. Rd3 1-0

[Event "C.to Regionale Sardegna"]
[Site "Cagliari ITA"]
[Date "2001.04.29"]
[Round "2"]
[White "Clementini, Lorenzo"]
[Black "Pili, Erika"]
[Result "0-1"]
[WhiteElo "1820"]
[BlackElo "1606"]
[PlyCount "120"]
[EventDate "2001.04.28"]

1. d4 d5 2. Nf3 Bf5 3. Bf4 e6 4. e3 Nf6 5. Nbd2 Nbd7 6. Ne5 c6 7. Ndf3 Bd6 8.
Bd3 Ne4 9. O-O O-O 10. Nxd7 Qxd7 11. Ne5 Qe7 12. f3 Nf6 13. Bxf5 exf5 14. Qd3
g6 15. Rac1 Nh5 16. Bh6 Rfe8 17. g4 Ng7 18. Bxg7 Kxg7 19. f4 fxg4 20. Nxg4 Qh4
21. Ne5 Re6 22. c4 g5 23. cxd5 Rh6 24. Qe2 Rg8 25. Qg2 Kf8 26. f5 g4 27. Rf4 f6
28. Rxg4 Rxg4 29. Nxg4 Rh5 30. h3 Rg5 31. Kf1 h5 32. Qf2 Qxh3+ 33. Ke2 Qxg4+
34. Kd3 Qxf5+ 35. Qxf5 Rxf5 36. Ke2 Rg5 37. a3 a5 38. b4 axb4 39. axb4 h4 40.
b5 b6 41. Rh1 Bg3 42. Rh3 Ke7 43. Rh1 Kd6 44. Rc1 f5 45. Kf3 Kxd5 46. Rxc6 Bd6
47. Rc1 h3 48. Rh1 h2 49. Kf2 f4 50. e4+ Kxe4 51. Rxh2 Kxd4 52. Kf3 Rxb5 53.
Rd2+ Kc3 54. Rd5 Rxd5 55. Ke4 Rd3 56. Kf5 f3 57. Ke6 f2 58. Kd7 f1=Q 59. Kc6
Qf3+ 60. Kb5 Rd5+ 0-1

[Event "C.to Regionale Sardegna"]
[Site "Cagliari ITA"]
[Date "2001.04.29"]
[Round "2"]
[White "Ibba, Isacco"]
[Black "Sanfilippo, Carlo"]
[Result "1-0"]
[WhiteElo "1864"]
[BlackElo "1533"]
[PlyCount "79"]
[EventDate "2001.04.28"]

1. e4 Nc6 2. d4 b6 3. d5 Ne5 4. f4 Ng6 5. c4 e6 6. Bd3 Bb4+ 7. Nc3 Bb7 8. Nf3
c6 9. O-O cxd5 10. cxd5 Rc8 11. dxe6 fxe6 12. f5 Nh4 13. fxe6 Nxf3+ 14. Qxf3
Nf6 15. exd7+ Qxd7 16. Bb5 Bc6 17. Rd1 Qe6 18. e5 Bxc3 19. Rd6 Qxd6 20. exd6
Bd4+ 21. Be3 O-O 22. Bxc6 Bxe3+ 23. Qxe3 Rxc6 24. Qe6+ Kh8 25. Qe7 Rcc8 26. Re1
Rcd8 27. Re5 h6 28. h3 Kg8 29. Qe6+ Kh8 30. Rf5 a6 31. Kh2 b5 32. d7 Nxd7 33.
Rxf8+ Nxf8 34. Qxa6 Rd5 35. Qc8 Kg8 36. a4 Rd7 37. Qc3 Rd8 38. Qb3+ Kh7 39.
Qxb5 Kg6 40. Qb6+ 1-0

[Event "C.to Regionale Sardegna"]
[Site "Cagliari ITA"]
[Date "2001.04.29"]
[Round "3"]
[White "Caddeo, Narciso"]
[Black "Clementini, Lorenzo"]
[Result "0-1"]
[WhiteElo "1546"]
[BlackElo "1820"]
[PlyCount "50"]
[EventDate "2001.04.28"]

1. Nf3 f5 2. g3 Nf6 3. Bg2 e6 4. d4 d5 5. e3 Bd6 6. b3 O-O 7. Ba3 Bxa3 8. Nxa3
Qd6 9. Nb1 b6 10. O-O Ba6 11. Re1 Nbd7 12. Nbd2 Ne4 13. Nxe4 fxe4 14. Nd2 e5
15. c4 c6 16. Rc1 exd4 17. exd4 Qf6 18. Qe2 Qxd4 19. Red1 Qf6 20. Nxe4 Qg6 21.
Nd2 Rae8 22. Qf1 Ne5 23. Re1 Qh6 24. Re3 Ng4 25. Qe2 Qxh2+ 0-1

[Event "C.to Regionale Sardegna"]
[Site "Cagliari ITA"]
[Date "2001.04.29"]
[Round "3"]
[White "Cirina, Gianluca"]
[Black "Buchicchio, Giampaolo"]
[Result "0-1"]
[WhiteElo "1690"]
[BlackElo "2191"]
[PlyCount "122"]
[EventDate "2001.04.28"]

1. e4 c5 2. Nc3 Nc6 3. g3 g6 4. Bg2 Bg7 5. Nge2 e6 6. f4 d6 7. d3 Nge7 8. O-O
O-O 9. Rb1 Rb8 10. a4 a6 11. Be3 Nd4 12. b4 e5 13. Qd2 Qc7 14. Nd5 Nxd5 15.
exd5 Bg4 16. Bxd4 exd4 17. h3 Bd7 18. bxc5 dxc5 19. a5 Bb5 20. f5 Qd6 21. Be4
Rfe8 22. Rf3 gxf5 23. Rxf5 Bh6 24. Nf4 Re5 25. Rxe5 Qxe5 26. Rf1 Bd7 27. Kh2
Re8 28. Bg2 Qd6 29. Rb1 Bb5 30. Be4 b6 31. axb6 Qxb6 32. Qd1 Qf6 33. Qg4+ Kh8
34. Rf1 Qg7 35. Qh4 Rxe4 36. dxe4 Bxf1 37. d6 Bg5 38. Qg4 Bxf4 39. Qxf4 Bb5 40.
Qf5 f6 41. Qc8+ Qg8 42. d7 Bxd7 43. Qxd7 Qf8 44. h4 a5 45. Qa7 Qd6 46. Qxa5 c4
47. Kg2 d3 48. cxd3 cxd3 49. Qd2 Qd4 50. Kf3 h5 51. Qh6+ Kg8 52. Qg6+ Kf8 53.
Qh6+ Ke7 54. Qg7+ Kd6 55. Qf8+ Kc6 56. Qe8+ Kb6 57. Qe6+ Kb7 58. Qf7+ Kc6 59.
Qe8+ Kc5 60. Qf7 Kb4 61. Qd5 Qxd5 0-1

[Event "C.to Regionale Sardegna"]
[Site "Cagliari ITA"]
[Date "2001.04.29"]
[Round "3"]
[White "Monni, Vittorio"]
[Black "Enis, Aldo"]
[Result "1-0"]
[WhiteElo "1729"]
[BlackElo "1504"]
[PlyCount "114"]
[EventDate "2001.04.28"]

1. e4 e5 2. Nf3 Nc6 3. Bc4 Bc5 4. b4 Bxb4 5. c3 Be7 6. Qb3 Nh6 7. d4 f6 8. Bxh6
gxh6 9. Bf7+ Kf8 10. Bh5 d5 11. exd5 Na5 12. Qb5 c6 13. Qd3 Qxd5 14. Qe3 Kg7
15. dxe5 fxe5 16. Nbd2 Bf5 17. O-O Rad8 18. Nb3 Nxb3 19. axb3 Bc5 20. Qe1 e4
21. Nh4 Bg6 22. Be2 Qd2 23. g3 Rhf8 24. b4 Bb6 25. c4 a6 26. c5 Bc7 27. Ng2 Be5
28. Rd1 Qb2 29. Rb1 Qa2 30. Ne3 Bf7 31. Rc1 Qe6 32. Bg4 Qa2 33. Nf5+ Kh8 34.
Qxe4 Qd5 35. Qe3 Bg7 36. Nd6 Qg5 37. Qe2 Rb8 38. Rfe1 Bd5 39. h4 Qf6 40. Bf5
Rfd8 41. Qc2 Bf8 42. Bxh7 Bxd6 43. cxd6 Rxd6 44. Be4 Rg8 45. Bxd5 Rxd5 46. Re4
Rd4 47. Rce1 Rd7 48. Qc1 Rf7 49. R1e2 Rg6 50. h5 Rg5 51. Re6 Qg7 52. Re8+ Rf8
53. Kg2 Rxh5 54. R2e7 Qf6 55. Qc2 Rf5 56. Rxf8+ Qxf8 57. Re6 Qg7 1-0

[Event "C.to Regionale Sardegna"]
[Site "Cagliari ITA"]
[Date "2001.04.29"]
[Round "3"]
[White "Pili, Erika"]
[Black "Basciu, Simone"]
[Result "0-1"]
[WhiteElo "1606"]
[BlackElo "2157"]
[PlyCount "60"]
[EventDate "2001.04.28"]

1. e4 c5 2. Nf3 Nc6 3. d4 cxd4 4. Nxd4 Nf6 5. Nc3 d6 6. Bc4 e6 7. O-O Be7 8.
Kh1 O-O 9. f4 d5 10. Nxc6 bxc6 11. Bd3 dxe4 12. Nxe4 Nxe4 13. Bxe4 Ba6 14. Re1
Qxd1 15. Rxd1 Rad8 16. Be3 c5 17. a3 Bc4 18. b3 Bd5 19. Bxd5 exd5 20. c3 a5 21.
b4 axb4 22. axb4 cxb4 23. cxb4 Bxb4 24. Ra4 Bc3 25. Rd3 Bf6 26. Bd4 Rc8 27. h3
Rc4 28. Bxf6 Rxa4 29. Rg3 g6 30. f5 Rf4 0-1

[Event "C.to Regionale Sardegna"]
[Site "Cagliari ITA"]
[Date "2001.04.29"]
[Round "3"]
[White "Sanfilippo, Carlo"]
[Black "Abis, Roberto"]
[Result "0-1"]
[WhiteElo "1533"]
[BlackElo "1581"]
[PlyCount "58"]
[EventDate "2001.04.28"]

1. e4 c5 2. Nf3 d6 3. d4 cxd4 4. c3 Nf6 5. Bd3 Nc6 6. cxd4 g6 7. Nc3 Bg7 8. Be3
O-O 9. h3 Nb4 10. Rc1 Bd7 11. e5 dxe5 12. dxe5 Nfd5 13. Nxd5 Nxd5 14. O-O Nxe3
15. fxe3 Qb6 16. Qe1 Rac8 17. Bc4 Bb5 18. Bxf7+ Kxf7 19. Ng5+ Kg8 20. Rxc8 Rxc8
21. Rf3 Qc5 22. Qh4 Qc1+ 23. Kh2 Bxe5+ 24. Rf4 h5 25. Nf3 Qxe3 26. Nxe5 Qxe5
27. Qg3 Qd6 28. h4 Rf8 29. Rb4 Qxg3+ 0-1

[Event "C.to Regionale Sardegna"]
[Site "Cagliari ITA"]
[Date "2001.04.29"]
[Round "3"]
[White "Scarteddu, Marco"]
[Black "Artizzu, Giulio"]
[Result "0-1"]
[WhiteElo "1615"]
[BlackElo "2098"]
[PlyCount "58"]
[EventDate "2001.04.28"]

1. e4 c5 2. Nf3 d6 3. d4 cxd4 4. Nxd4 Nf6 5. Nc3 a6 6. Bd3 e6 7. Bg5 Be7 8. Qd2
Nc6 9. Nxc6 bxc6 10. O-O O-O 11. Rab1 e5 12. b4 h6 13. Bxf6 Bxf6 14. a4 d5 15.
a5 Bg5 16. Qe2 Re8 17. Rfd1 Bf4 18. exd5 e4 19. Bc4 Qf6 20. Nxe4 Bxh2+ 21. Kf1
Rxe4 22. Qxe4 Bf5 23. Qe2 Qh4 24. Rb3 Bf4 25. Rh3 Bxh3 26. gxh3 Qxh3+ 27. Ke1
Qh1+ 28. Qf1 Re8+ 29. Be2 Rxe2+ 0-1

[Event "C.to Regionale Sardegna"]
[Site "Cagliari ITA"]
[Date "2001.04.30"]
[Round "4"]
[White "Basciu, Simone"]
[Black "Buchicchio, Giampaolo"]
[Result "1/2-1/2"]
[WhiteElo "2157"]
[BlackElo "2191"]
[PlyCount "87"]
[EventDate "2001.04.28"]

1. d4 d5 2. Nf3 Nf6 3. c4 c6 4. Qb3 a6 5. Nc3 dxc4 6. Qxc4 b5 7. Qd3 e6 8. e4
b4 9. Na4 Qa5 10. b3 Bb7 11. Ne5 c5 12. f3 Nbd7 13. Nxd7 Nxd7 14. Be3 Rd8 15.
Rd1 Be7 16. Qc2 cxd4 17. Bxd4 O-O 18. Bc4 Nc5 19. Nxc5 Bxc5 20. Bxc5 Qxc5 21.
Ke2 Qg5 22. Kf2 Qh4+ 23. g3 Qh5 24. h4 Qc5+ 25. Ke2 Qa5 26. Rhe1 Rxd1 27. Rxd1
Rd8 28. Rxd8+ Qxd8 29. Qd3 Qxd3+ 30. Bxd3 e5 31. Kf2 Kf8 32. Ke3 Ke7 33. Bc4 a5
34. f4 f6 35. fxe5 fxe5 36. Bg8 h6 37. Bc4 Bc8 38. Bb5 Kd6 39. Bc4 Kc5 40. Bf7
Bg4 41. Bc4 a4 42. Bd3 a3 43. Bc2 Bh5 44. Kd3 1/2-1/2

[Event "C.to Regionale Sardegna"]
[Site "Cagliari ITA"]
[Date "2001.04.30"]
[Round "4"]
[White "Monni, Vittorio"]
[Black "Cirina, Gianluca"]
[Result "1/2-1/2"]
[WhiteElo "1729"]
[BlackElo "1690"]
[PlyCount "95"]
[EventDate "2001.04.28"]

1. e4 c5 2. Nf3 Nc6 3. d4 cxd4 4. Nxd4 Nf6 5. Nc3 e5 6. Nf3 Bb4 7. Bg5 Qa5 8.
Bd3 Bxc3+ 9. bxc3 Qxc3+ 10. Bd2 Qa3 11. Qb1 O-O 12. O-O a5 13. Qb5 d6 14. Rfb1
Qc5 15. Qb2 Ng4 16. Rf1 f5 17. h3 fxe4 18. Bxe4 Nf6 19. Bxc6 bxc6 20. Be3 Qb4
21. Qc1 Nd5 22. Rb1 Qc4 23. Qa3 Rf6 24. Qb3 Nxe3 25. fxe3 Qxb3 26. cxb3 Ba6 27.
Rf2 e4 28. Nd2 Rxf2 29. Kxf2 Rf8+ 30. Kg3 d5 31. Rc1 Rf6 32. Rc5 a4 33. bxa4
Kf7 34. Ra5 Bd3 35. Ra7+ Kg6 36. Rc7 h5 37. h4 Kh6 38. a5 g5 39. a4 Bc2 40. a6
Bxa4 41. a7 Rf8 42. Nb1 Ra8 43. Nc3 gxh4+ 44. Kxh4 Bb5 45. Nxb5 cxb5 46. g4
hxg4 47. Kxg4 Kg6 48. Rb7 1/2-1/2

[Event "C.to Regionale Sardegna"]
[Site "Cagliari ITA"]
[Date "2001.04.30"]
[Round "4"]
[White "Pili, Erika"]
[Black "Ibba, Isacco"]
[Result "1/2-1/2"]
[WhiteElo "1606"]
[BlackElo "1864"]
[PlyCount "47"]
[EventDate "2001.04.28"]

1. e4 d5 2. exd5 Qxd5 3. Nc3 Qa5 4. Nf3 Nf6 5. Bc4 Bg4 6. d3 Nbd7 7. Bd2 Qh5 8.
Qe2 O-O-O 9. Qe3 Bxf3 10. gxf3 e6 11. O-O-O Bc5 12. d4 Nb6 13. Bxe6+ fxe6 14.
dxc5 Nbd7 15. c6 bxc6 16. Qxa7 Nb8 17. Na4 Qb5 18. Ba5 Na6 19. Qa8+ Nb8 20. Qa7
Na6 21. Bxc7 Rxd1+ 22. Rxd1 Qxa4 23. Qa8+ Kxc7 24. Qa7+ 1/2-1/2

[Event "C.to Regionale Sardegna"]
[Site "Cagliari ITA"]
[Date "2001.04.??"]
[Round "5"]
[White "Abis, Roberto"]
[Black "Caddeo, Narciso"]
[Result "0-1"]
[WhiteElo "1581"]
[BlackElo "1546"]
[PlyCount "56"]
[EventDate "2001.04.28"]

1. e4 c5 2. Nf3 d6 3. d4 cxd4 4. Nxd4 Nf6 5. Nc3 a6 6. Bg5 e6 7. f4 Be7 8. Qf3
Nc6 9. O-O-O Qb6 10. Nb3 Bd7 11. Bd3 Rc8 12. Rhe1 h6 13. Bxf6 Bxf6 14. Nd5 exd5
15. e5 dxe5 16. fxe5 Bg5+ 17. Kb1 Be6 18. Qg3 Nb4 19. h4 Nxd3 20. Rxd3 Be7 21.
Qxg7 Kd7 22. Qg3 Rhg8 23. Qf4 Rxg2 24. Nd4 Rg4 25. Qd2 Bb4 26. Qe2 Rxd4 27. Rb3
Re4 28. Qxe4 dxe4 0-1

[Event "C.to Regionale Sardegna"]
[Site "Cagliari ITA"]
[Date "2001.04.??"]
[Round "5"]
[White "Artizzu, Giulio"]
[Black "Basciu, Simone"]
[Result "1-0"]
[WhiteElo "2098"]
[BlackElo "2157"]
[PlyCount "125"]
[EventDate "2001.04.28"]

1. e4 c5 2. Nf3 Nc6 3. Bb5 Qb6 4. Nc3 e6 5. O-O Nge7 6. Re1 Nd4 7. a4 Nxb5 8.
Nxb5 a6 9. Na3 Qc7 10. d4 cxd4 11. Nxd4 Nc6 12. Nc4 Bc5 13. Be3 Nxd4 14. Bxd4
Bxd4 15. Qxd4 O-O 16. a5 d6 17. b3 Bd7 18. Qxd6 Qxd6 19. Nxd6 Bc6 20. e5 Rad8
21. Rad1 Rd7 22. Rd2 Rfd8 23. f4 f6 24. c4 fxe5 25. fxe5 Rf8 26. Rf1 Rdd8 27.
Rdf2 Rxf2 28. Rxf2 h6 29. b4 Rd7 30. Rb2 Rd8 31. b5 axb5 32. cxb5 Bd5 33. Rc2
Ra8 34. Rc8+ Rxc8 35. Nxc8 Kf7 36. Nb6 Be4 37. a6 bxa6 38. bxa6 Kg6 39. a7 Kf5
40. a8=Q Bxa8 41. Nxa8 Kxe5 42. Kf2 Kf4 43. Nc7 Kf5 44. Kf3 h5 45. Ne8 g6 46.
Nd6+ Ke5 47. Ne4 Kf5 48. h4 Ke5 49. Ng3 Kf6 50. Ke4 g5 51. Nxh5+ Kg6 52. Nf4+
Kh6 53. g3 gxh4 54. gxh4 Kh7 55. Nxe6 Kh6 56. Nf4 Kh7 57. Kf5 Kh6 58. h5 Kg7
59. Kg5 Kh7 60. h6 Kg8 61. Kg6 Kh8 62. Nd3 Kg8 63. Ne5 1-0

[Event "C.to Regionale Sardegna"]
[Site "Cagliari ITA"]
[Date "2001.04.??"]
[Round "5"]
[White "Buchicchio, Giampaolo"]
[Black "Clementini, Lorenzo"]
[Result "1-0"]
[WhiteElo "2191"]
[BlackElo "1820"]
[PlyCount "53"]
[EventDate "2001.04.28"]

1. e4 c5 2. c3 Nf6 3. e5 Nd5 4. d4 cxd4 5. cxd4 e6 6. Nc3 Nxc3 7. bxc3 Qc7 8.
Bd2 b6 9. f4 d5 10. Nf3 Nc6 11. Bd3 Na5 12. O-O Nc4 13. Bc1 Be7 14. Ng5 g6 15.
a4 h6 16. Nf3 Bb7 17. Qe2 O-O-O 18. Nd2 Ba6 19. g4 h5 20. f5 gxf5 21. gxf5
Rdg8+ 22. Kh1 Bb7 23. f6 Bf8 24. Nf3 Bh6 25. Bxh6 Rxh6 26. Rg1 Rhh8 27. Rg7 1-0

[Event "C.to Regionale Sardegna"]
[Site "Cagliari ITA"]
[Date "2001.04.??"]
[Round "5"]
[White "Cirina, Gianluca"]
[Black "Pili, Erika"]
[Result "1-0"]
[WhiteElo "1690"]
[BlackElo "1606"]
[PlyCount "79"]
[EventDate "2001.04.28"]

1. Nf3 Nc6 2. g3 e5 3. d3 Nf6 4. c4 Bc5 5. Bg2 d6 6. Nc3 Ne7 7. Na4 Bb6 8. b4
c6 9. Nxb6 Qxb6 10. Qb3 Qd8 11. a4 Ng6 12. Bb2 h6 13. b5 c5 14. a5 Rb8 15. e3
Qe7 16. Nd2 O-O 17. O-O Ng4 18. h3 Nf6 19. d4 exd4 20. exd4 cxd4 21. Bxd4 b6
22. Rfe1 Qc7 23. axb6 axb6 24. Qb2 Ne8 25. Ra3 Bb7 26. Ra7 Qc8 27. Rea1 Bxg2
28. Kxg2 f6 29. Be3 Ne5 30. Qd4 Qc5 31. Qe4 Qc8 32. Bxh6 f5 33. Qd5+ Nf7 34.
Be3 Nf6 35. Qd4 Rd8 36. R1a6 d5 37. Rxb6 dxc4 38. Rxb8 Qxb8 39. Qxc4 Rxd2 40.
Qxf7+ 1-0

[Event "C.to Regionale Sardegna"]
[Site "Cagliari ITA"]
[Date "2001.04.??"]
[Round "5"]
[White "Ibba, Isacco"]
[Black "Monni, Vittorio"]
[Result "1/2-1/2"]
[WhiteElo "1864"]
[BlackElo "1729"]
[PlyCount "87"]
[EventDate "2001.04.28"]

1. e4 e5 2. Nf3 Nc6 3. Bc4 Bc5 4. c3 Nf6 5. d4 Bd6 6. dxe5 Nxe5 7. Nxe5 Bxe5 8.
f4 Qe7 9. fxe5 Qxe5 10. Qd4 Qxe4+ 11. Qxe4+ Nxe4 12. O-O O-O 13. Nd2 Nc5 14.
Nb3 Ne6 15. Nd4 Nxd4 16. cxd4 c6 17. d5 b5 18. Bd3 b4 19. Be3 a5 20. dxc6 dxc6
21. Rac1 Be6 22. Rxc6 Bxa2 23. Ra1 Be6 24. Bc4 Bxc4 25. Rxc4 Rfb8 26. Bf4 Rb5
27. Bd6 Re8 28. Rc5 Rb6 29. Bc7 Rbe6 30. Rcxa5 f6 31. Rb5 Re2 32. Rxb4 Rc2 33.
Rb8 Rxb8 34. Bxb8 Rxb2 35. Ra8 Kf7 36. Ra7+ Kg6 37. Bd6 h5 38. h3 Rb5 39. h4
Rd5 40. Bf4 Kf5 41. Bc7 g5 42. Ra5 Rxa5 43. Bxa5 Kg4 44. Kf2 1/2-1/2